<?xml version="1.0" encoding="UTF-8"?>
<collection xmlns="http://www.loc.gov/MARC21/slim">
 <record>
  <leader>01891nam a2200229Ia 4500</leader>
  <controlfield tag="001">CTU_122136</controlfield>
  <controlfield tag="008">210402s9999    xx            000 0 und d</controlfield>
  <datafield tag="020" ind1=" " ind2=" ">
   <subfield code="c">32000</subfield>
  </datafield>
  <datafield tag="082" ind1=" " ind2=" ">
   <subfield code="a">338.5076</subfield>
  </datafield>
  <datafield tag="082" ind1=" " ind2=" ">
   <subfield code="b">Ph561</subfield>
  </datafield>
  <datafield tag="100" ind1=" " ind2=" ">
   <subfield code="a">Vũ, Thị Minh Phương</subfield>
  </datafield>
  <datafield tag="245" ind1=" " ind2="0">
   <subfield code="a">Bài tập cơ bản kinh tế vi mô :</subfield>
  </datafield>
  <datafield tag="245" ind1=" " ind2="0">
   <subfield code="b">Bài tập - Hướng dẫn giải</subfield>
  </datafield>
  <datafield tag="245" ind1=" " ind2="0">
   <subfield code="c">Vũ Thị Minh Phương</subfield>
  </datafield>
  <datafield tag="260" ind1=" " ind2=" ">
   <subfield code="a">Hà Nội</subfield>
  </datafield>
  <datafield tag="260" ind1=" " ind2=" ">
   <subfield code="b">Thống kê</subfield>
  </datafield>
  <datafield tag="260" ind1=" " ind2=" ">
   <subfield code="c">2006</subfield>
  </datafield>
  <datafield tag="520" ind1=" " ind2=" ">
   <subfield code="a">Kinh tế vi mô là môn học quan tâm đến việc nghiên cứu, phân tích, lựa chọn các vấn đề kinh tế cơ bản của các tế bào kinh tế trong toàn bộ nền kinh tế quốc dân. Kinh tế vi mô trang bị những kiến thức kinh tế cơ bản cho doanh nghiệp và giúp cho doanh nghiệp ra những quyết định chuẩn xác trong hoạt động sản xuất kinh doanh. Nhằm giúp đỡ sinh viên và bạn đọc  nắm vững nội dung môn học, hiểu biết sâu sắc hơn các vấn đề lý thuyết và vận dụng vào thực tiễn để ra quyết định và xử lý các vấn đề kinh tế. Cuốn sách &quot;Bài tập cơ bản kinh tế vi mô - Bài tập - Hướng dẫn giải&quot; được biên soạn tương ứng với các nội dung của giáo trình kinh tế vi mô do Bộ Giáo dục và Đào tạo qui định. Cuốn sách gồm 3 phần. Phần 1: Bài tập. Phần 2: Hướng dẫn và giải đáp. Phần 3: Câu hỏi lựa chọn.</subfield>
  </datafield>
  <datafield tag="650" ind1=" " ind2=" ">
   <subfield code="a">Economics, mathematical,Microeconomics</subfield>
  </datafield>
  <datafield tag="650" ind1=" " ind2=" ">
   <subfield code="x">Problems, exercises..</subfield>
  </datafield>
  <datafield tag="904" ind1=" " ind2=" ">
   <subfield code="i">Hiếu</subfield>
  </datafield>
  <datafield tag="980" ind1=" " ind2=" ">
   <subfield code="a">Trung tâm Học liệu Trường Đại học Cần Thơ</subfield>
  </datafield>
 </record>
</collection>
